|
|
|
|
| LEADER |
01381nam a2200385Ia 4500 |
| 001 |
EBC431154 |
| 003 |
MiAaPQ |
| 005 |
20200520144314.0 |
| 006 |
m o d | |
| 007 |
cr cn||||||||| |
| 008 |
901025s1992 nyu sb 001 0 eng d |
| 010 |
|
|
|z 90022969
|
| 020 |
|
|
|z 9780195070521
|
| 020 |
|
|
|z 0195070526 (alk. paper)
|
| 035 |
|
|
|a (MiAaPQ)EBC431154
|
| 035 |
|
|
|a (Au-PeEL)EBL431154
|
| 035 |
|
|
|a (CaPaEBR)ebr10278136
|
| 035 |
|
|
|a (CaONFJC)MIL60571
|
| 035 |
|
|
|a (OCoLC)252618313
|
| 040 |
|
|
|a MiAaPQ
|c MiAaPQ
|d MiAaPQ
|
| 050 |
|
4 |
|a HE8084
|b .N63 1992
|
| 082 |
0 |
4 |
|a 384/.094
|2 20
|
| 100 |
1 |
|
|a Noam, Eli M.
|
| 245 |
1 |
0 |
|a Telecommunications in Europe
|h [electronic resource] /
|c Eli Noam.
|
| 260 |
|
|
|a New York :
|b Oxford University Press,
|c c1992.
|
| 300 |
|
|
|a xii, 523 p.
|
| 490 |
1 |
|
|a Communication and society
|
| 504 |
|
|
|a Includes bibliographical references (p. 457-495) and index.
|
| 533 |
|
|
|a Electronic reproduction. Ann Arbor, MI : ProQuest, 2015. Available via World Wide Web. Access may be limited to ProQuest affiliated libraries.
|
| 650 |
|
0 |
|a Telecommunication
|z Europe.
|
| 650 |
|
0 |
|a Telecommunication policy
|z Europe.
|
| 655 |
|
4 |
|a Electronic books.
|
| 710 |
2 |
|
|a ProQuest (Firm)
|
| 830 |
|
0 |
|a Communication and society (New York, N.Y.)
|
| 856 |
4 |
0 |
|u https://ebookcentral.proquest.com/lib/matrademy/detail.action?docID=431154
|z Click to View
|